|
|
|
|
| LEADER |
00000nab a2200000Ia 4500 |
| 001 |
vtls010791393 |
| 003 |
SK-MaSNL |
| 005 |
20260305025602.0 |
| 008 |
230218|1976 xo |||||||||||||||||slo| |
| 035 |
|
|
|a (urnnbn)urn:nbn:sk:snk:ar-a02ggv
|
| 035 |
|
|
|a (uuid)dc2bee91-adae-41ac-acee-23e4339c8739
|
| 035 |
|
|
|a urn:nbn:sk:snk-ab4kvh
|
| 040 |
|
|
|a SNKBUCL
|b slo
|c SNKBUCL
|e AACR2
|
| 041 |
0 |
|
|a slo
|
| 044 |
|
|
|a xo
|c SK
|
| 080 |
|
|
|a 159.9.072.5
|2 2001
|
| 080 |
|
|
|a 69
|2 2001
|
| 100 |
1 |
|
|a Komárik, Emil,
|d 1940-
|4 aut
|9 71216
|
| 245 |
1 |
0 |
|a Normalizácia psychodiagnostických testov pre psychologické pracoviská rezortu stavebníctva
|c Emil Komárik, Viera Schwartzová
|
| 650 |
0 |
7 |
|a psychodiagnostika
|2 SNKPH
|9 69333
|
| 650 |
0 |
7 |
|a stavebníctvo
|2 SNKPH
|9 726
|
| 650 |
0 |
7 |
|a štandardizácia a normalizácia
|2 SNKPH
|9 75629
|
| 700 |
1 |
|
|a Schwartzová, Viera
|4 aut
|9 1156282
|
| 773 |
0 |
|
|t Ekonomika stavebníctva
|g Roč. 11, č. 8 - 9 (1976), s. 249-253
|
| 954 |
|
|
|a odborná, vedecká literatúra pôvodná (slovenská)
|2 lita
|
| 958 |
|
|
|a OND
|
| 958 |
|
|
|a EUIPO
|
| 958 |
|
|
|a article3
|
| 999 |
|
|
|c 3306439
|d 3308369
|